000 00288nam a22001337a 4500
008 170228b xxu||||| |||| 00| 0 eng d
020 _a082478863X
041 _aeng
080 _a616.8-006
100 _a6
101 _aSHM
245 _aCANCER OF THE PROSTATE
_cDAS, D
942 _2udc
_cBK
999 _c6424
_d6424